Biblioteca

Digno es el cordero (Registro nro. 33783)

Detalles MARC
000 -LÍDER
Campo fijo de descripción fija 00844nam a22002657a 4500
001 - NÚMERO DE CONTROL
Campo de control 3076
003 - IDENTIFICADOR DEL NÚMERO DE CONTROL
Campo de control CO-MdFUSB
005 - FECHA Y HORA DE LA ULTIMA TRANSACCIÓN
control field 20180622073130.0
008 - ELEMENTOS DE LONGITUD FIJA -- INFORMACIÓN GENERAL
Campo fijo de descripción fija -- Información general 180502s1954 xxu||||| |||| 00| 0 spa d
020 ## - NÚMERO INTERNACIONAL NORMALIZADO PARA LIBROS
Número Internacional Normalizado del libro 0-311-04305-4
040 ## - FUENTE DE CATALOGACIÓN
Agencia de catalogación original CO-MdFUSB
Idioma de catalogación spa
Agencia que realiza la transcripción CO-MdFUSB
Agencia que realiza la modificación CO-MdFUSBC
Convenciones de la descripción rda
041 0# - CÓDIGO DE IDIOMA
Código de idioma para texto/pista de sonido o título separado spa
Código de idioma original eng
082 04 - NÚMERO DE CLASIFICACIÓN DECIMAL DEWEY
Número de clasificación G 228.1 S9557d
100 1# - ASIENTO PRINCIPAL--NOMBRE PERSONAL
Nombre personal Summers, Ray
Término relacionador autor
245 10 - TÍTULO
Título del Material Digno es el cordero
Parte restante del título - Subtitulo : Una interpretación del Apocalipsis
Mención de responsabilidad, etc. / Ray Summers ; Alfredo Lerin, Traductor
250 ## - MENCIÓN DE EDICIÓN
Mención de edición 4
264 #1 - PRODUCCIÓN, PUBLICACIÓN, DISTRIBUCIÓN, MANUFACTURA, Y COPYRIGHT
Lugar de producción, publicación, distribución, manufactura El Paso, TX., USA :
Nombre del productor, publicador, distribuidor Casa Bautista de Publicaciones,
Fecha de producción, publicación, distribución, manufactura, o copyright [1954]
300 ## - DESCRIPCIÓN FÍSICA
Extensión 287 Pag
336 ## - TIPO DE CONTENIDO
Fuente rdacontent
Término de tipo de contenido texto
Código de tipo de contenido txt
337 ## - TIPO DE MEDIO
Fuente rdamedia
Nombre del tipo de medio sin mediación
Código del tipo de medio n
338 ## - TIPO DE SOPORTE
Fuente rdacarrier
Nombre del tipo de soporte volumen
Código Tipo de soporte nc
653 ## - TÉRMINO DE INDIZACIÓN - NO CONTROLADO
Término no controlado Interpretación de la Biblia N.T. - Apocalipsis
653 ## - TÉRMINO DE INDIZACIÓN - NO CONTROLADO
Término no controlado Literatura apocalíptica
942 ## - TIPO DE MATERIAL (KOHA)
Tipo de Item KOHA Libros General
Existencias
Estado de Material Estado de Perdido Estado de Dañado No para Préstamo Colección Tomo Biblioteca de Origen Biblioteca Permanente Fecha de Adquisición Total de Préstamos Signatura Topográfica Código de Barras Última vez visto Ejemplar/Existencia Fecha de Remplazo Tipo de Material Total de Renovaciones Última vez Préstado
        Colección General   Biblioteca FUSBC Biblioteca FUSBC 01/02/2005   G 228.1 S9557d 2611 12/12/2019 1 26/01/2016 Libros General    
        Colección General   Biblioteca FUSBC Biblioteca FUSBC 01/02/2005 3 G 228.1 S9557d 2613 12/12/2019 3 26/01/2016 Libros General 1 03/09/2019
        Colección General   Biblioteca FUSBC Biblioteca FUSBC 01/02/2005   G 228.1 S9557d 2612 12/12/2019 2 26/01/2016 Libros General    

Biblioteca FUSBC | Teléfono: (57+4) 349 88 10 Ext. 141| WhatsApp (+57) 3005338115 
E-mail: biblioteca@unisbc.edu.co | Calle 76 87-14 Robledo Palenque, Medellín, Colombia

Con tecnología Koha